Acta de la sesión pública inaugural que la Academia Médico-Farmacéutica de Barcelona celebró el día 26 de enero de 1889. (Record no. 24492)
[ view plain ]
| 000 -LEADER | |
|---|---|
| campo de control de longitud fija | 00798nam a2200169 i 4500 |
| 001 - NÚMERO DE CONTROL | |
| campo de control | 24492 |
| 003 - IDENTIFICADOR DE NÚMERO DE CONTROL | |
| campo de control | ES-MaACL |
| 007 - CAMPO FIJO DE DESCRIPCIÓN FÍSICA--INFORMACIÓN GENERAL | |
| campo de control de longitud fija | t| |
| 008 - DATOS DE LONGITUD FIJA--INFORMACIÓN GENERAL | |
| campo de control de longitud fija | 021217s1888 sp ||||1| spa d |
| 245 00 - MENCIÓN DEL TÍTULO | |
| Título | Acta de la sesión pública inaugural que la Academia Médico-Farmacéutica de Barcelona celebró el día 26 de enero de 1889. |
| 260 ## - PUBLICACIÓN, DISTRIBUCIÓN, ETC. | |
| Lugar de publicación, distribución, etc. | Barcelona : |
| Nombre del editor, distribuidor, etc. | [s.n.], |
| Fecha de publicación, distribución, etc. | 1889 ( |
| Fabricante | Est. tip. de la Casa Provincial de Caridad) |
| 300 ## - DESCRIPCIÓN FÍSICA | |
| Extensión | 44 p. ; |
| Dimensiones | 27 cm. |
| 505 8# - NOTA DE CONTENIDO CON FORMATO | |
| Nota de contenido con formato | Contine: Memoria sobre los trabajos, estado y progreso de la Academia Médico-Farmacéutica de Barcelona durante el año 1888 leída en la sesión inaugural de 1889 / por Estanislao Andreu y Serra |
| 700 1# - ENTRADA AGREGADA--NOMBRE PERSONAL | |
| Nombre de persona | Andreu y Serra, Estanislao. |
| 9 (RLIN) | 21655 |
| 710 2# - ENTRADA AGREGADA--NOMBRE DE ENTIDAD CORPORATIVA | |
| Nombre de entidad corporativa o nombre de jurisdicción como elemento de entrada | Academia Médico-Farmacéutica de Barcelona. |
| 9 (RLIN) | 1206 |
| 852 ## - LOCALIZACIÓN | |
| Ubicación | ES-MaACL |
| Número de control de estantería | T-524-F-11 |
| Estatus retirado | Estado de pérdida | Estado de daño | No para préstamo | Colección | Biblioteca de origen | Biblioteca actual | Ubicación en estantería | Fecha de adquisición | Fuente de adquisición | Total de préstamos | Signatura topográfica completa | Código de barras | Visto por última vez | Precio de reemplazo | Tipo de ítem Koha |
|---|---|---|---|---|---|---|---|---|---|---|---|---|---|---|---|
| Colección de folletos | Biblioteca del Ateneo de Madrid | Biblioteca del Ateneo de Madrid | Depósito folletos | 17/01/2008 | T-524-F-11 | 1025252 | 23/02/2023 | 23/02/2023 | Folleto |
